15 krajów o największej liczbie zgonów Covid19 - 28 sierpnia - Statystyki

Ogólne statystyki
  • Ten quiz został rozwiązany 41 razy
  • Średni wynik to 9 z 19
Statystyki odpowiedzi
kraj % Poprawnych
Stany Zjednoczone
93%
Włochy
73%
Brazylia
71%
Hiszpania
71%
Indie
71%
Rosja
71%
Francja
66%
Meksyk
61%
Wielka Brytania
51%
Iran
41%
Kolumbia
39%
Chile
37%
Republika Południowej Afryki
34%
Peru
32%
Szwecja
27%
Boliwia
24%
Ekwador
24%
Panama
20%
Belgia
15%
Nie znaleziono quizów pasujących do podanych kryteriów
Rozkład punktacji
Procent ludzi z każdym wynikiem
Percentyl według liczby udzielonych odpowiedzi
Twoja historia wyników
Nie rozwiązałeś tego quizu